| 000 | 01192nam a2200253Ia 4500 | ||
|---|---|---|---|
| 999 |
_c44707 _d44707 |
||
| 001 | 11512 | ||
| 003 | GE_BSU | ||
| 005 | 20241209115219.0 | ||
| 008 | 181216s1991||||ge |||||||||||||| ||geo|| | ||
| 040 | _cGE_BSU | ||
| 041 | _ageo | ||
| 080 | _a63:54(075.8)+631.8(075.8) ნ–12 | ||
| 100 |
_aნაკაიძე, ი _923909 |
||
| 245 |
_aაგროქიმია : _bსახელმძღვ.სას.სამ. ინ–ტის სტუდენტებისათვის / _cი. ნაკაიძე, გ.აბესაძე, რედ. ლ. მესხი. |
||
| 264 |
_aთბილისი : _bგანათლება, _c1991. |
||
| 300 |
_a539 გვ; _b22 სმ. |
||
| 501 | _aილ;ცხრილები. | ||
| 653 | _aაგროქიმია. | ||
| 653 | _aმცენარის კვება. სასუქები. სასოფლო-სამეურნეო კულტურების განოყიერება. | ||
| 653 | _aსოფლის მეურნეობა | ||
| 700 |
_aაბესაძე, გ _91415 |
||
| 700 |
_aმესხი, ლ _eრედაქტორი _94286 |
||
| 942 |
_cBK _2udc |
||